=LDR 00000nam 2200000 4500 =001 INLIS000000000011449 =005 20210107105757 =035 ##$$a 0010-061300000011449 =008 210107################g##########0#ind## =041 ##$$a Ind =082 ##$$a 333.3 =090 ##$$a 333.3, Aus e =100 1#$$a Husein, Ali Safowan =245 1#$$a Ekonomi Politik Penguasaan tanah /$c Ali Sofwan Husein, SH =260 ##$$a Jakarta :$b Pustaka sinar harapan,$c 1995 =300 ##$$a 175 hlm ; $c 21x14 cm =650 #4$$a Hak tanah =850 ##$$a NBPNMAT =020 ##$$a 979-416-333-3 =084 ##$$a 333.3 HUS e =250 ##$$a cet.1 =990 ##$$a 00033510 =990 ##$$a 00033480 =990 ##$$a 00033481 =990 ##$$a 00033482 =990 ##$$a 20604186 =990 ##$$a 20604187 =990 ##$$a 00033482 =990 ##$$a 00033510 =990 ##$$a 00033480 =990 ##$$a 00033481 =990 ##$$a 20604186 =990 ##$$a 20604187 =990 ##$$a 00033481 =990 ##$$a 00033510 =990 ##$$a 00033480 =990 ##$$a 00033482 =990 ##$$a 20604186 =990 ##$$a 20604187 =990 ##$$a 20604185 =990 ##$$a 00033480 =990 ##$$a 00033481 =990 ##$$a 00033482 =990 ##$$a 20604186 =990 ##$$a 20604187 =990 ##$$a 30618171 =990 ##$$a 20604185 =990 ##$$a 00033481 =990 ##$$a 00033482 =990 ##$$a 20604186 =990 ##$$a 20604187 =990 ##$$a 121.780/Pro-97 =990 ##$$a 20604185 =990 ##$$a 30618171 =990 ##$$a 00033482 =990 ##$$a 20604186 =990 ##$$a 20604187 =990 ##$$a 08650865 =990 ##$$a 00033480 =990 ##$$a 20604185 =990 ##$$a 30618171 =990 ##$$a 121.780/Pro-97 =990 ##$$a 00033482 =990 ##$$a 20604186 =990 ##$$a 20604187